[Event "DEN-ch"]
[Site "Nyborg"]
[Date "2001.04.07"]
[Round "1"]
[White "Rasmussen, Karsten"]
[Black "Pilgaard, Kim"]
[Result "0-1"]
[WhiteElo "2410"]
[BlackElo "2413"]
[Annotator "Hecht,H"]
[PlyCount "104"]
[EventDate "2001.04.07"]
[EventType "tourn"]
[EventRounds "9"]
[EventCountry "DEN"]
[EventCategory "8"]
[SourceTitle "CBM 083"]
[Source "ChessBase"]
[SourceDate "2001.07.05"]
[SourceVersion "1"]
[SourceVersionDate "2001.07.05"]
[SourceQuality "1"]

1. g3 e5 2. Bg2 d6 3. c4 Nc6 4. Nc3 g6 5. Rb1 a5 6. a3 Bg7 7. b4 axb4 8. axb4
Nge7 9. e3 O-O 10. d3 f5 11. Nge2 Kh8 12. O-O Ng8 13. Qc2 Nce7 14. Bb2 g5 15.
f4 Ng6 16. Qd2 c6 17. Kh1 Nh6 18. d4 gxf4 19. exf4 e4 20. d5 Ng4 21. Nd1 Qe7
22. h3 Nf6 23. Ne3 cxd5 24. cxd5 Qf7 25. Rfc1 Ne7 26. Nc4 Qxd5 27. Qxd5 Nfxd5
28. Nxd6 Ra2 29. Bxg7+ Kxg7 30. Nc3 Nxc3 31. Rxc3 Rd2 32. Nc4 Nd5 33. Rcc1 Rd4
34. Nd6 Ne7 35. Nxb7 Bxb7 36. Rc7 Bd5 37. Rxe7+ Rf7 38. Rxf7+ Kxf7 {[#]
Schwarz erlangt Gegenspiel infolge  a) passiver weißer Stellung von König und
Läufer; b) eigener Freibauer und aktiver König} 39. b5 Ke6 40. b6 Bb7 41. g4
fxg4 42. hxg4 h5 43. gxh5 Kf5 $132 44. Kg1 (44. Kh2 $5) 44... Rd6 45. Rb4 Kg4 (
45... Kxf4 46. Bxe4 Bxe4 47. b7 Rd1+ 48. Kf2 Rd2+ 49. Ke1 Rd8 50. b8=Q+ Rxb8
51. Rxb8 Kg5 52. Rb5+ Kh6 53. Kf2 Bc2 54. Kg3 Bd3 55. Rc5 Be4 56. Kh4 Bd3 57.
Rc6+ Kg7 58. Kg5 Be4 59. Rc7+ {und Schwarz verliert nur, wenn er sich mit dem
König in der Ecke h8 festnageln lässt. Er hält remis, wenn er die Ecke
rechtzeitig verläßt, bzw. sie nicht anpeilt.} Kg8 60. Kh6 Bd3 61. Rg7+ Kf8 $1
$11 (61... Kh8 $2 $18)) 46. Kf2 Rd2+ 47. Kf1 (47. Kg1 $142) 47... Ba6+ 48. Kg1
$2 {[%mdl 12288]} (48. Ke1 Rxg2 49. Rxe4 $11) 48... Kg3 $1 49. Rb3+ (49. Rb1
Rxg2+ 50. Kh1 Bb7 51. Rb3+ e3 52. Rxe3+ Kf2 {Matt in 3 Zügen}) 49... Bd3 50.
Bf1 Rd1 51. Rxd3+ exd3 52. b7 d2 0-1

[Event "Schuhplattler Veterans-Ladies"]
[Site "Munich"]
[Date "2000.07.05"]
[Round "2"]
[White "Hort, Vlastimil"]
[Black "Galliamova, Alisa"]
[Result "1/2-1/2"]
[WhiteElo "2539"]
[BlackElo "2526"]
[Annotator "Hecht,H"]
[PlyCount "128"]
[EventDate "2000.07.04"]
[EventType "schev"]
[EventRounds "10"]
[EventCountry "GER"]
[SourceTitle "CBM 078"]
[Source "ChessBase"]
[SourceDate "2000.10.18"]
[SourceVersion "1"]
[SourceVersionDate "2000.10.18"]
[SourceQuality "1"]

1. c4 e5 2. Nc3 Nc6 3. g3 g6 4. Bg2 Bg7 5. e4 d6 6. Nge2 h5 7. h4 Bg4 8. f3 Be6
9. d3 Nh6 10. Bg5 f6 11. Be3 O-O 12. Qd2 Kh7 13. b3 a6 14. Rd1 f5 15. Nd5 Qd7
16. O-O Rae8 17. Bg5 Nd8 18. Ndc3 Bg8 19. d4 exd4 20. Nxd4 Nc6 21. Nxc6 bxc6
22. Rfe1 fxe4 23. Nxe4 Nf5 24. Qf2 d5 25. Bc1 Qc8 26. Ng5+ Kh8 27. Bb2 Qd7 28.
Rxe8 Rxe8 29. Bh3 Bxb2 30. Qxb2+ Qg7 31. Qxg7+ Kxg7 32. Kf2 Kf6 33. Bxf5 Kxf5
34. c5 a5 35. Rd4 Rb8 36. Ra4 d4 37. Rxd4 Bd5 38. Rf4+ Ke5 39. Nf7+ Bxf7 40.
Rxf7 Rb5 41. Rxc7 Rxc5 42. Re7+ Kf6 43. Re4 Rc2+ 44. Re2 Rc3 45. g4 hxg4 46.
fxg4 c5 47. Kg2 c4 48. bxc4 Rxc4 {[#] Wegen des jederzeit aktiven schwarzen
Turms kann Weiß nicht gewinnen.} 49. Rf2+ Kg7 50. Kg3 Ra4 51. Rb2 Kh6 52. Rg2
Ra3+ 53. Kf4 Rh3 54. Rg3 Rxh4 55. Ra3 g5+ 56. Kg3 (56. Kf5 Rh1 57. Rxa5 Rf1+
58. Ke6 Rf4 $11) 56... Rh1 57. Rxa5 Rg1+ 58. Kh3 Rc1 59. Ra3 {Versucht
erfolglos die Seitendeckung des a-Freibauern} Kg6 (59... Rc2 $11) 60. Re3 Rc4
61. Rf3 Ra4 62. a3 {[%csl Ra3,Rg4]} Kg7 {Wegen der Bauernschwäche g4 kommt
Weiß nicht voran.} 63. Rb3 (63. Rg3 Kg6 64. Kg2 Rf4 65. Kg1 Kg7 $11) 63... Kg6
64. Kg3 Kg7 1/2-1/2

[Event "Linares-03"]
[Site "Linares"]
[Date "1981.01.21"]
[Round "4"]
[White "Larsen, Bent"]
[Black "Spassky, Boris Vasilievich"]
[Result "0-1"]
[WhiteElo "2610"]
[BlackElo "2635"]
[Annotator "Kharitonov,A"]
[PlyCount "86"]
[EventDate "1981.01.17"]
[EventType "tourn"]
[EventRounds "11"]
[EventCountry "ESP"]
[EventCategory "13"]
[SourceTitle "MCL"]
[Source "ChessBase"]
[SourceDate "1999.07.01"]
[SourceVersion "1"]
[SourceVersionDate "1999.07.01"]
[SourceQuality "1"]

1. c4 e5 2. g3 Nc6 3. Bg2 g6 4. Nc3 Bg7 5. d3 d6 6. Rb1 Be6 7. b4 Qd7 8. Nf3 h6
(8... Bh3 $5 9. Bxh3 Qxh3 10. Nd5 Qd7 11. b5 Nd8 $13) 9. O-O (9. b5 Nd8 10. Bd2
Ne7 (10... Bh3 11. O-O Bxg2 12. Kxg2 f5 $13) 11. Qc1 $1 Bh3 12. O-O Bxg2 13.
Kxg2 Ne6 14. Nd5 $14 {Kharlov,A-Kharitonov,A/Helsinki/1992/0:1 (45) Inf 55/27/}
) 9... Nge7 (9... Bh3 10. Bxh3 Qxh3 11. Nd5 Qd7 12. b5 Nd8 13. Bd2 c6 14. bxc6
bxc6 15. Nc3 Ne7 16. Qc1 $14) 10. e4 $6 (10. b5 $5 Nd8 11. Re1 Bh3 12. Bh1 $14)
10... Bg4 $5 (10... O-O 11. b5 Nd8 12. Nd5 f5 $13) 11. Nd5 (11. b5 Nd4 12. Be3
O-O (12... Nxf3+ 13. Bxf3 Bxf3 14. Qxf3 O-O) 13. Bxd4 exd4 14. Ne2 f5 $13)
11... Nxd5 12. cxd5 Ne7 (12... Nd4 13. Bb2 Nxf3+ 14. Bxf3 Bxf3 15. Qxf3 O-O 16.
Qe2 $14) 13. Be3 (13. Qb3 O-O 14. Nd2 c6 $1 $13) 13... f5 $5 (13... c6 14. dxc6
Nxc6 (14... bxc6 15. d4 $14) 15. b5 Ne7 (15... Nd4 16. Bxd4 exd4 17. Qa4 $14)
16. Qd2 $14) 14. Qd2 f4 $5 (14... g5 $5 15. exf5 $2 (15. Qc2 f4 16. Bd2 O-O 17.
Rbc1 $13) 15... Nxd5 $17) 15. gxf4 O-O {/\16...Bf3 17.Bf3 ef 18.Bf4 g5-+/} 16.
Ne1 exf4 17. Bxf4 g5 18. Bg3 (18. Be3 $5 Ng6 19. f3 Bh5 20. d4 $13) 18... Ng6
$44 19. f3 Bh5 20. Nc2 (20. d4 Nf4 $13) 20... Nf4 21. Ne3 Rf7 (21... Bg6 $5 {
/\Rf7,Raf8/}) 22. Nf5 (22. Rbc1 Raf8 23. Nf5 Rxf5 24. exf5 Rxf5 $44) 22... Rxf5
$1 $8 23. exf5 Bc3 $1 24. Qc2 (24. Qf2 Bd4 $19) 24... Qxf5 25. Bxf4 Bd4+ 26.
Kh1 Qxf4 $44 27. Rbe1 (27. Qxc7 Be5 $19) (27. Bh3 Bxf3+ 28. Bg2 g4 29. Bxf3
gxf3 $13) 27... Be5 28. Rxe5 (28. Bh3 $2 Bxf3+) 28... Qxe5 29. Qxc7 Rf8 $1 (
29... Qxd5 $2 30. f4 Qxd3 31. fxg5 $16) 30. Qxb7 Qe3 $36 31. Qd7 Rf6 $1 (31...
Bxf3 32. Qe6+ Qxe6 33. dxe6 $16) 32. Qc8+ (32. Qh3 Bf7 $13) 32... Kh7 33. Qc3
Rxf3 $1 (33... Kg6 34. Re1 $16) 34. Re1 (34. Bxf3 Bxf3+ 35. Rxf3 Qxf3+ $10) (
34. Rxf3 Bxf3 35. Qc7+ Kg6 36. Qxd6+ Kh5 37. Bxf3+ Qxf3+ $10) 34... Qf2 (34...
Qxd3 35. Re7+ $18) 35. a4 (35. Rf1 Qe3 $10) (35. Re7+ Rf7 36. Rxf7+ Bxf7 $10)
35... Rf7 36. Rf1 Qe3 37. Be4+ Kg8 38. Rxf7 Bxf7 $10 39. Qc8+ (39. b5 Bh5 $1
40. Qc8+ Kg7 41. Qd7+ Bf7 42. Qxd6 Qe1+ 43. Kg2 Qe2+ 44. Kh3 Qf1+ 45. Kg3 (45.
Kg4 $2 Bh5+ 46. Kg3 Qg1+ 47. Bg2 Qe3+ $19) 45... Qg1+ 46. Kh3 $8 (46. Bg2 Qe1+
47. Kg4 Bh5+ 48. Kf5 Qf2+ 49. Ke5 Qf4+ 50. Ke6 Bg4+ 51. Ke7 Qf8#) 46... Qf1+
47. Bg2 Qxd3+ 48. Qg3 Qd4 49. a5 Bxd5 $2 (49... Bg6 $1 50. Bf3 Bf5+ 51. Kg2
Qd2+ $10) 50. Qc7+ $2 (50. Bxd5 $1 Qxd5 51. Qc7+ Kf6 52. Qc6+ $1 Qxc6 53. bxc6
Ke6 54. Kg4 $18) 50... Kg6 51. Bxd5 Qd3+ $10) 39... Kg7 40. Qf5 Qe1+ 41. Kg2
Qe2+ 42. Kh3 (42. Qf2 Qg4+ 43. Qg3 Qe2+ $10) (42. Kg3 Qe3+ $10) 42... Qe3+ 43.
Qf3 $4 (43. Kg2 Qe2+ $10) (43. Bf3 h5 44. Kg2 Qd2+) 43... g4+ $1 $19 (43... g4+
44. Kxg4 Bh5+ $1 45. Kxh5 Qg5#) 0-1

[Event "Benasque"]
[Site "Benasque"]
[Date "1994.??.??"]
[Round "?"]
[White "Lalic, Bogdan"]
[Black "Komarov, Dimitri"]
[Result "1-0"]
[WhiteElo "2530"]
[BlackElo "2565"]
[Annotator "Komarov,D"]
[PlyCount "87"]
[EventDate "1994.07.??"]
[EventType "game"]
[EventRounds "1"]
[EventCountry "ESP"]
[SourceTitle "CBM 044"]
[Source "ChessBase"]
[SourceDate "1995.02.01"]
[SourceVersion "1"]
[SourceVersionDate "1995.02.01"]
[SourceQuality "1"]

1. c4 Nf6 2. Nc3 e5 3. g3 Bb4 4. Bg2 O-O 5. e4 Nc6 (5... Bxc3 6. bxc3 (6. bxc3
d6) 6... c6) 6. Nge2 Bc5 7. O-O d6 8. h3 a6 9. d3 Bd7 10. Kh2 Nd4 11. f4 {
/\12.fe fe 13.Bg5/} h6 12. a4 Rb8 (12... b5 $2 13. axb5 axb5 14. Rxa8 Qxa8 15.
fxe5 dxe5 16. Bxh6 $18) 13. a5 $14 b5 14. axb6 Rxb6 15. Nxd4 Bxd4 16. Ra2 Qe7
17. Ne2 Bc5 18. f5 c6 19. g4 d5 $132 20. Nc3 $1 dxc4 21. Na4 Rb4 $6 (21... Rbb8
22. Nxc5 Qxc5 23. Qc2 $16) (21... Rb3 $1 22. dxc4 Rfb8 23. Nxc5 Qxc5 24. g5
hxg5 25. Bxg5 Be8 $13) 22. g5 hxg5 23. Nxc5 Qxc5 24. Bxg5 Nh7 (24... Rfb8 25.
Bxf6 gxf6 26. dxc4 Qxc4 27. Ra3 $1 $18) 25. Bd2 Rb3 $6 (25... Rb5 26. dxc4 Qxc4
27. Ra3 $36) 26. Bc3 $1 Rb5 $2 27. Rxa6 (27. dxc4 Qxc4 28. Ra4 Qb3 29. Qxb3
Rxb3 30. Bxe5 $16) 27... Nf6 28. d4 $1 exd4 29. Qxd4 Qxd4 30. Bxd4 Re8 31. Ra7
Bc8 32. e5 Nd5 33. e6 $1 $18 Rb7 34. Rxb7 Bxb7 35. Rg1 Ne7 36. Be4 g6 37. exf7+
Kxf7 38. fxg6+ Kg8 39. Rg4 c5 40. Bxc5 Nd5 41. Rh4 Rxe4 42. Rxe4 Nf6 43. Re7
Be4 44. Bd4 1-0

[Event "POL-ch 57th"]
[Site "Plock"]
[Date "2000.05.03"]
[Round "6"]
[White "Markowski, Tomasz"]
[Black "Jaracz, Pawel"]
[Result "1-0"]
[WhiteElo "2531"]
[BlackElo "2490"]
[Annotator "Konikowski,J"]
[PlyCount "59"]
[EventDate "2000.04.28"]
[EventType "tourn"]
[EventRounds "13"]
[EventCountry "POL"]
[EventCategory "10"]
[SourceTitle "CBM 078"]
[Source "ChessBase"]
[SourceDate "2000.10.18"]
[SourceVersion "1"]
[SourceVersionDate "2000.10.18"]
[SourceQuality "1"]

1. g3 Nf6 2. Bg2 e5 3. c4 Nc6 4. Nc3 Bc5 5. e3 d5 6. Nxd5 Nxd5 7. cxd5 Nb4 8.
d3 Nxd5 (8... O-O 9. a3 Nxd5 10. Nf3 Re8 11. O-O Bb6 12. b3 Bg4 13. Bb2 Qd6 14.
h3 Bh5 15. g4 Bg6 16. Nh4 Rad8 17. Nxg6 Qxg6 18. Qe2 Nf6 19. Bxb7 h5 20. Be4
Qg5 21. Kh2 hxg4 22. Rg1 Qh5 23. Rg3 $14 {Brunner,L-Hodgson,J/Biel 1995/}) 9.
Nf3 Qf6 $146 {[%mdl 8]} (9... Bb4+ 10. Bd2 Bxd2+ 11. Qxd2 Qe7 12. O-O c6 13. e4
Nb6 14. Qc3 f6 15. d4 exd4 16. Nxd4 Be6 17. a4 Nd7 18. Nf5 Bxf5 19. exf5 O-O-O
20. b4 Qe5 21. Qc2 Qc7 22. b5 Ne5 23. Rfb1 Rd6 24. Qc5 $40 {Davies,N-Tomescu,V/
Saint Vincent 1999/}) (9... Bd6 10. O-O c6 11. e4 Nb6 12. d4 exd4 13. e5 Be7
14. Nxd4 O-O 15. Bf4 Bc5 16. Nb3 Qxd1 17. Rfxd1 Be7 18. Na5 Bb4 19. Bd2 Bxa5
20. Bxa5 Nc4 21. Bc3 Be6 22. a4 a5 23. Bd4 $14 {Trofimova,O-Vrublevskaya,O/
Kolontaevo 1997/}) 10. O-O O-O 11. Qb3 c6 12. e4 Nb6 (12... Nc7 $5 13. Be3 Ne6
14. Bxc5 Nxc5 15. Qc3 Nd7 16. d4 exd4 17. Nxd4 $14) 13. Qc3 Bd6 14. Bg5 Qg6 15.
Be3 Re8 16. a4 Nd7 17. a5 a6 (17... Bc7 18. Nh4 Qf6 19. d4 $14) 18. Nd2 Nf6 19.
Nc4 Ng4 20. Bb6 f5 $2 (20... Bb8 $142 21. f3 Nf6 22. d4 $14) 21. exf5 (21. f3
$5) 21... Bxf5 22. Rad1 h5 (22... Nh6 23. d4 exd4 24. Bxd4 $14) 23. h3 Nh6 24.
Rfe1 Nf7 25. Re3 Ng5 26. Kh2 (26. Nxe5 $2 Bxe5 27. Rxe5 Rxe5 28. Qxe5 Bxh3 $11)
26... h4 27. Rde1 hxg3+ 28. Rxg3 Re6 29. Nxd6 $18 Rxd6 30. Qc1 1-0

[Event "Geneve op"]
[Site "Geneve"]
[Date "1994.??.??"]
[Round "3"]
[White "Razuvaev, Yuri S"]
[Black "Ikonnikov, Vyacheslav"]
[Result "1-0"]
[WhiteElo "2555"]
[BlackElo "2515"]
[Annotator "Krasenkow,M"]
[PlyCount "103"]
[EventDate "1994.01.??"]
[EventType "swiss"]
[EventRounds "9"]
[EventCountry "SUI"]
[SourceTitle "CBM 041"]
[Source "ChessBase"]
[SourceDate "1994.08.01"]
[SourceVersion "1"]
[SourceVersionDate "1994.08.01"]
[SourceQuality "1"]

1. c4 e5 2. g3 Nc6 3. Bg2 g6 4. Nc3 Bg7 5. Rb1 a5 6. a3 Nf6 7. b4 axb4 8. axb4
O-O 9. d3 d6 10. Nf3 Nd4 (10... h6 $142 {/\Be6}) 11. Bg5 $1 {An idea of R.
Vaganian.White's plan consists in exchange of all minor pieces except his
knight and Black's passive black squared bishop.} h6 12. Bxf6 Bxf6 13. O-O Bg7
14. b5 Bg4 15. Nxd4 exd4 16. Nd5 Ra2 17. Re1 Re8 18. Bf3 $1 Bxf3 19. exf3 Rxe1+
20. Qxe1 Ra8 (20... Kh7 $142) 21. Ra1 Rxa1 22. Qxa1 c6 23. bxc6 bxc6 24. Nb4
Qb6 25. Qa4 Bf8 (25... c5 26. Qe8+ Kh7 27. Nd5 Qb1+ 28. Kg2 Qxd3 29. Ne7 h5 30.
Qxf7 {/\h3,g4-g5,Nd5-f6}) 26. Kg2 c5 27. Nd5 Qb1 28. Qe8 Kg7 29. Qe4 Qb7 30.
Qf4 Qc8 31. Qf6+ Kg8 32. g4 Qe6 33. h4 Qxf6 $6 34. Nxf6+ Kg7 35. Nd5 f6 36. Kg3
Kf7 37. f4 f5 38. h5 $1 gxh5 39. g5 hxg5 (39... Kg7 40. Kh4 Kg6 41. f3) 40.
fxg5 Kg6 41. Kh4 f4 42. Nxf4+ Kf5 43. Nd5 Kg6 44. f4 Bg7 45. Ne7+ Kf7 46. Nf5
Bf8 47. Kxh5 d5 48. cxd5 c4 49. dxc4 Bc5 50. g6+ Kf6 51. g7 Kf7 52. Kh6 1-0

[Event "EU-ch 13th"]
[Site "Plovdiv"]
[Date "2012.03.28"]
[Round "8"]
[White "Cornette, Matthieu"]
[Black "Novkovic, Milan"]
[Result "1-0"]
[WhiteElo "2545"]
[BlackElo "2381"]
[Annotator "Let's Check Training"]
[PlyCount "61"]
[EventDate "2012.03.20"]
[EventType "swiss"]
[EventRounds "11"]
[EventCountry "BUL"]
[SourceTitle "CBM 148"]
[Source "ChessBase"]
[SourceDate "2012.05.16"]
[SourceVersion "1"]
[SourceVersionDate "2012.05.16"]
[SourceQuality "1"]

1. c4 e5 2. g3 Nf6 3. Bg2 Nc6 4. Nc3 Bb4 5. Nd5 O-O 6. Nf3 Bd6 7. O-O Nxd5 8.
cxd5 Ne7 9. e4 c5 10. d3 Bc7 11. a4 b6 12. Nd2 d6 13. f4 exf4 14. gxf4 Ng6 15.
Nc4 f6 16. b3 a6 17. Qh5 Qe8 18. Kh1 Bd7 19. Bb2 b5 20. axb5 axb5 21. Ne3 Rxa1
22. Bxa1 Ne7 23. Qf3 Qa8 24. f5 Kh8 25. Qg3 Ng8 26. Bf3 Qa3 $2 (26... Nh6 27.
Ng2 Rg8 $16) 27. Rg1 (27. Bh5 Be8 28. Rg1 $18) 27... Rf7 $18 28. Bh5 Re7 29.
Ng4 Qxb3 (29... Qa8 30. Bg6 $1 Qf8 $18) {[%tqu "En","","","","g4f6","",10]} 30.
Nxf6 $1 $18 Nxf6 31. Bxf6 1-0

[Event "Paris FIDE GP"]
[Site "Elancourt"]
[Date "2013.10.04"]
[Round "11"]
[White "Wang, Hao"]
[Black "Fressinet, Laurent"]
[Result "1/2-1/2"]
[WhiteElo "2747"]
[BlackElo "2708"]
[Annotator "Marin,M"]
[PlyCount "120"]
[EventDate "2013.09.22"]
[EventType "tourn"]
[EventRounds "11"]
[EventCountry "FRA"]
[EventCategory "20"]
[SourceTitle "CBM 157"]
[Source "ChessBase"]
[SourceDate "2013.11.12"]
[SourceVersion "1"]
[SourceVersionDate "2013.11.12"]
[SourceQuality "1"]
[WhiteClock "2:00:00"]
[BlackClock "2:00:00"]

1. c4 e5 2. g3 Nf6 3. Bg2 Nc6 4. Nc3 Bb4 5. Nd5 Bc5 ({In my English Opening
trilogy, I gave} 5... O-O {as best. My idea was that by speeding up the
development Black would be well prepared against} 6. e3 {An ulterior game
played by one of my team mates at the European team Championship more or less
sustained this point of view:} Nxd5 7. cxd5 Ne7 8. a3 Bd6 9. Ne2 c6 10. Nc3 Qa5
11. Qb3 Qa6 12. Qc2 Rb8 13. b3 cxd5 14. Nxd5 Nxd5 15. Bxd5 b6 16. Bb2 Bb7 17.
Qe4 Bxd5 18. Qxd5 Qb7 19. Qxb7 Rxb7 20. Ke2 f6 21. f4 Rc7 22. Rac1 {1/2
Lupulescu,C (2657)-Vallejo Pons,F (2705)/Porto Carras 2011/CBM 146}) 6. e3 d6 (
6... Nxd5 7. cxd5 Ne7 8. Ne2 O-O 9. O-O c6 10. d4 exd4 11. exd4 Bb6 12. d6 Nf5
13. Bf4 $32 {Timman,J (2625)-Kuzubov,Y (2535)/Gothenburg 2005/CBM 109/[Ribli] 
(1-0, 39)}) 7. Ne2 a6 8. b3 {This also goes along my recommended plan. White
develops as quickly as possible and refrains from weakening the light squares
with a2-a3.} (8. O-O O-O 9. a3 {is possible, though:} Ba7 10. b4 Bd7 11. Bb2
Nxd5 12. cxd5 Ne7 13. d4 f6 {Morozevich,A (2721)-Korotylev,A (2609)/Moscow
2006/EXT 2007 (1/2, 34)}) 8... O-O 9. O-O Ba7 10. Bb2 Nxd5 11. cxd5 Ne7 12. d4
{The a7-bishop is passive now, but keeping it this way also induces some
restrictions for White.} f6 13. Rc1 Bb6 $146 {A novelty which does not change
the character of the position, though.} (13... Bg4 14. h3 Bh5 15. Qd2 Bg6 16.
Kh2 Rc8 17. a4 c5 $6 18. dxe5 dxe5 19. Rfd1 $14 {Wirthensohn,H (2415)-Klauser,
M (2375)/Switzerland 1996/CBM 055 ext (0-1, 45)}) (13... Bd7 14. Qd2 Ng6 15.
Rc2 Bb6 {Ruck,R (2465)-Dautov,R (2615)/Vienna 1996/CBM 053 ext (1/2, 54)} 16.
Rfc1 $14) 14. dxe5 $6 {Fressinet rightly criticised this move, opening the
f-file for Black's counterplay.} (14. Qd2 Bd7 15. a4 a5 16. f4 $5 $14) 14...
fxe5 15. Nc3 Bd7 16. Ne4 Nf5 17. Qd2 Qe7 $6 {Just losing a tempo.} (17... Nh6
18. a4 a5 19. Rc4 Bf5 {would have been faster.}) 18. a4 a5 19. Rc4 Nh6 {
The start of a smart regrouping, ...Ng4 and ...Bf5. White needs to reckon with
all kind of sacrifices on e3 or f2.} 20. Rfc1 Bf5 ({Fressinet refrained from} 
20... Ng4 {on account of} 21. Rxc7 (21. h3 Nf6 $11) {but things are not that
clear:} 21... Bxc7 (21... Rxf2 22. Nxf2 Bxe3 23. Qe2 Bxf2+ 24. Kh1 $18) 22.
Rxc7 Qd8 23. Qc3 Bf5) 21. h3 Nf7 {[%cal Gf5e4,Gf7g5]} 22. h4 Nh6 $1 {By means
of subtle manoeuvring, Black has achieved certain counterplay in what might
have seemed a static position.} 23. Ng5 Ng4 24. Qe2 Nf6 {Black seems to be
doing well. The next is a radical (and successful) attempt to take over the
initiative.} (24... h6 25. Rxg4 Bxg4 26. Qxg4 hxg5 27. hxg5 Qf7 28. Rf1 $44) (
24... Qf6 25. Rf1 $5 {[%csl Gf2]}) 25. g4 $5 {At first, Fressinet was rather
sceptical about its merits.} Bd7 26. Ba3 $5 {[%cal Ga3e7]} (26. Ne6 Bxe6 27.
dxe6 d5 {this is what the bishop's presence on a3 is aimed to prevent.} 28.
R4c2 Qxe6) 26... e4 $6 {This gives away a pawn, but the position is not simple
for Black.} (26... h6 27. Ne6 Bxe6 28. dxe6 Qxe6 29. g5 $36) ({Or if} 26...
Rab8 {protecting the b7-pawn in advance} 27. b4 $5 h6 28. bxa5 Bxa5 29. Ne6
Bxe6 30. dxe6 Qxe6 31. g5 $36) 27. Bxe4 $1 {Completely missed by Fressinet!} (
27. Nxe4 Nxe4 28. Rxe4 Qxh4 $132) (27. Ne6 Bxe6 28. dxe6 Qxe6 29. g5 Nd7 30.
Rxe4 Qxb3 $13) 27... Rae8 (27... Nxe4 28. Rxe4 Qd8 29. Qc2 $18) (27... h6 28.
Ne6 Nxe4 (28... Bxe6 29. dxe6 Nxe4 30. Rxe4 Qxh4 31. e7 Rfe8 32. Qc4+ Kh8 33.
Qf7 Qf6 34. Qxf6 gxf6 35. Bb2 $18) 29. Rxe4 Qxh4 30. Nxf8 Rxf8 31. Rcc4 Qg5 32.
Bb2 h5 33. Rf4 Rxf4 34. exf4 $16) 28. Bf3 ({Fressinet was more afraid of} 28.
Bf5 {but it does not seem to work properly:} Bxf5 29. gxf5 Nxd5 30. Re4 Qd7 31.
Qc4 {Somehow he thought the pin would cost Black the knight, but...} Rxf5 $1
32. Rxe8+ Qxe8 33. e4 Rxf2 34. Qxd5+ Kh8 35. Bc5 Bxc5 36. Rxc5 Qf8 37. Rc2 Rxc2
38. Nf7+ Kg8 $11) 28... h6 29. Ne6 Bxe6 30. dxe6 Qxe6 31. Bxb7 $16 {As pointed
out by Fressinet, with the pawn on g3 White would be simply winning with such
a structure and bishops. However, even the way it is, his advantage is solid.}
Nd7 (31... Nd5 32. R1c2 Nxe3 (32... Rxf2 33. Bxd5 Qxd5 34. Kxf2 Rxe3 35. Qxe3
Bxe3+ 36. Kxe3) 33. fxe3 Bxe3+ 34. Kg2 Rf2+ 35. Qxf2 Bxf2 36. Rxf2) 32. Bc6 Re7
33. Re4 Ne5 34. Bb2 Qxb3 35. Bxe5 Rxe5 36. Rxe5 dxe5 {Fressinet rightly
evaluated this position as techincally won for White. The b6-bishop is dead,
while the white bishop can be very dangerous for the black king. He also
mentioned what White should do: 1) prevent ...Bc5-d6, with some stability and
2) refrain from h4-h5, in order to keep the threat g4-g5, opening the enemy
king's position. Within just a few moves, Wang Hao will do precisely the
opposite, reducing his chances to win.} 37. Rd1 $6 (37. g5 $16) (37. Rc4 Qa3
38. g5 $16) 37... Qb4 38. h5 $6 Bc5 39. Rd7 $6 {And now he self-traps his rook!
} Bd6 $1 $11 40. Kg2 {There was some talk about the position after Black's
answer: is it a mutual zugzwang? All the white pieces seem to be on optimal
squares...} ({If so, why not} 40. Kh2 Kh8 (40... e4+ 41. Kg2 Qc3 42. Bxe4 Qe5
43. Qc4+ Kh8 44. Bf5 $18) 41. Kg2 {but it appears that} Qb3 $11 {is still OK.
If} 42. Bb5 Qe6 $36 {[%cal Ge5e4,Ge6f6]}) 40... Kh8 41. Bb5 Qe4+ 42. Kg1 Qb1+
43. Qf1 Qb4 44. Qd1 Qb2 45. Qe2 Qb1+ 46. Kg2 Qe4+ 47. f3 {White's dark squares
are too weak now to promise any kind of advantage.} Qd5 48. Bc4 (48. g5 hxg5
49. h6 gxh6 50. Bd3 {threatening Rh7+ followed by Bc4 does not work because of}
g4 $19) 48... Qc6 49. Bb5 Qd5 50. Bc4 Qc6 51. Rf7 Rxf7 52. Bxf7 e4 53. f4 Qc1
54. Bg6 (54. Bd5 Bc5 55. Kf2 $6 Qh1 $132) 54... Bc5 55. Bxe4 Qxe3 56. Qxe3 Bxe3
57. Kf3 Bc1 58. Bc6 Bd2 59. Be4 Bc1 60. Bc6 Bd2 1/2-1/2

[Event "ROM-chT"]
[Site "Baile Tusnad"]
[Date "1997.??.??"]
[Round "?"]
[White "Suba, Mihai"]
[Black "Ungureanu, Emil"]
[Result "1-0"]
[WhiteElo "2535"]
[BlackElo "2320"]
[Annotator "Marin,M"]
[PlyCount "55"]
[EventDate "1997.??.??"]
[EventType "team"]
[EventRounds "5"]
[EventCountry "ROU"]
[SourceTitle "EXT 1999"]
[Source "ChessBase"]
[SourceDate "1998.11.16"]
[SourceVersion "1"]
[SourceVersionDate "1998.11.16"]
[SourceQuality "1"]

1. c4 e5 2. g3 Nc6 3. Nc3 d6 4. e3 Nf6 5. d4 exd4 6. exd4 d5 7. cxd5 Nxd5 8.
Bg2 Be6 9. Nge2 Qd7 10. O-O h5 11. h4 O-O-O 12. Be3 Nce7 13. Nf4 Nxf4 14. Bxf4
Nd5 15. Nxd5 Bxd5 16. Rc1 c6 17. Qa4 a6 18. Bxd5 Qxd5 {[#]} 19. Rxc6+ Qxc6 (
19... bxc6 20. Qxa6+ Kd7 21. Re1 Rc8 22. Qa7+ Kd8 23. Bd2 Bd6 24. Bg5+ f6 25.
Qxg7 fxg5 (25... Rf8 26. Bxf6+ Rxf6 27. Qxf6+ $16) 26. Qxh8+ Kc7 27. Qg7+ Kb8 (
27... Kb6 28. Re3 Qxa2 29. Qd7) 28. Qxg5 Qxg5 29. hxg5 Rg8 30. f4 h4 31. gxh4
Bxf4 32. Re4 $18) 20. Rc1 Qxc1+ 21. Bxc1 Rd7 22. Bf4 f6 23. Qc4+ Kd8 24. Qe6
Be7 25. b4 Rf8 26. d5 Kc8 27. d6 Bd8 28. Be3 1-0